[Event "Alekhine Master"]
[Site "SchemingMind.com"]
[Date "2017.06.10"]
[Round "-"]
[White "nikita68"]
[Black "frankly"]
[Result "1/2-1/2"]
[WhiteCountry "RUS"]
[BlackCountry "ENG"]
[WhiteElo "2361"]
[WhiteRD "70"]
[BlackElo "2533"]
[BlackRD "59"]
[GameID "414879"]

1. e4 Nf6 2. e5 Nd5 3. d4 d6 4. c4 Nb6 5. exd6 exd6 6. Nc3 Be7 7. Bd3 O-O 8. Nge2 Nc6 9. O-O Re8 10. b3 Nb4
11. Bb1 a5 12. a3 Nc6 13. d5 Ne5 14. Be3 g6 15. Bxb6 cxb6 16. h3 Bf6 17. Ra2 Nf3+ 18. gxf3 Bxh3 19. Ne4 Bg7 20. Re1 a4
21. bxa4 Qh4 22. Qd2 Bh6 23. Qd4 Bg7 24. Qd2 Bh6 25. Qd4 Bg7 26. Qd2 Bh6
1/2-1/2

[Event "Alekhine Master"]
[Site "SchemingMind.com"]
[Date "2017.06.10"]
[Round "-"]
[White "frankly"]
[Black "nikita68"]
[Result "1-0"]
[WhiteCountry "ENG"]
[BlackCountry "RUS"]
[WhiteElo "2533"]
[WhiteRD "59"]
[BlackElo "2361"]
[BlackRD "70"]
[GameID "414880"]

1. e4 Nf6 2. e5 Nd5 3. d4 d6 4. Nf3 c6 5. c4 Nc7 6. Be3 dxe5 7. Nxe5 g6 8. Nc3 Bg7 9. Qb3 O-O 10. f4 Nd7
11. Rd1 Nxe5 12. dxe5 Qe8 13. Be2 f6 14. Bf3 fxe5 15. fxe5 Bxe5 16. O-O Ne6 17. Ne4 a5 18. a4 Bg7 19. Kh1 Kh8 20. Qa3 Rb8
21. Bb6 Ra8 22. h3 Kg8 23. Rf2 Qf7 24. Re1 h6 25. Bg4 Qe8 26. Rfe2 h5 27. Bxe6+ Bxe6 28. Ng5 Bxc4 29. Rxe7 Bf6 30. Rxe8 Rfxe8
31. Rxe8+ Rxe8 32. Qg3 Bxb2 33. Qd6
1-0

[Event "Alekhine Master"]
[Site "SchemingMind.com"]
[Date "2017.06.11"]
[Round "-"]
[White "nikita68"]
[Black "Selwyn"]
[Result "0-1"]
[WhiteCountry "RUS"]
[BlackCountry "AUS"]
[WhiteElo "2361"]
[WhiteRD "70"]
[BlackElo "2616"]
[BlackRD "95"]
[GameID "414937"]

1. e4 Nf6 2. e5 Nd5 3. d4 d6 4. Nf3 dxe5 5. Nxe5 g6 6. c4 Nb6 7. Nc3 Bg7 8. Be3 c5 9. dxc5 Qxd1+ 10. Rxd1 Bxe5
11. cxb6 axb6 12. Bd4 Bxd4 13. Rxd4 Nc6 14. Rd1 e5 15. Be2 Be6 16. O-O O-O 17. b3 Nd4 18. Bd3 b5 19. cxb5 Rac8 20. Ne4 Rfd8
21. Rfe1 Kg7 22. f3 b6 23. Kf2 h6 24. Rd2 f5 25. Ng3 Kf6 26. Red1 Rd5 27. Bc4 Rd6 28. Bxe6 Kxe6 29. Ne2 Nxb5 30. a4 Rxd2
31. Rxd2 Nd6 32. g3 Nb7 33. f4 Nc5 34. Kf1 Rc6 35. fxe5 Kxe5 36. Nd4 Rd6 37. Nf3+ Ke6 38. b4 Rxd2 39. Nxd2 Nxa4 40. Ke2 Kd5
0-1

[Event "Alekhine Master"]
[Site "SchemingMind.com"]
[Date "2017.06.10"]
[Round "-"]
[White "Selwyn"]
[Black "nikita68"]
[Result "1-0"]
[WhiteCountry "AUS"]
[BlackCountry "RUS"]
[WhiteElo "2616"]
[WhiteRD "95"]
[BlackElo "2361"]
[BlackRD "70"]
[GameID "414938"]

1. e4 Nf6 2. e5 Nd5 3. d4 d6 4. Nf3 Bg4 5. Be2 e6 6. O-O Be7 7. c4 Nb6 8. h3 O-O 9. exd6 cxd6 10. hxg4 Nc6
11. Nc3 d5 12. c5 Nd7 13. b4 Nxb4 14. Rb1 a5 15. a3 Nc6 16. Rxb7 Qc8 17. Rb3 h6 18. Bb5 g5 19. Re1 Bf6 20. Ba4 Na7
21. Qc2 Rd8 22. Bxg5 hxg5 23. Rxe6
1-0

[Event "Alekhine Master"]
[Site "SchemingMind.com"]
[Date "2017.06.10"]
[Round "-"]
[White "Selwyn"]
[Black "frankly"]
[Result "1/2-1/2"]
[WhiteCountry "AUS"]
[BlackCountry "ENG"]
[WhiteElo "2616"]
[WhiteRD "95"]
[BlackElo "2533"]
[BlackRD "59"]
[GameID "414939"]

1. e4 Nf6 2. e5 Nd5 3. d4 d6 4. Nf3 dxe5 5. Nxe5 c6 6. Be2 Bf5 7. O-O Nd7 8. Nf3 N5f6 9. c4 e6 10. Nc3 Ne4
11. Qb3 Qc7 12. Nh4 Nxc3 13. bxc3 Be4 14. f3 Bg6 15. Nxg6 hxg6 16. g3 Bd6 17. Kg2 O-O 18. Rb1 b6 19. f4 Nf6 20. Be3 Be7
21. Bf3 Rab8 22. Rb2 b5 23. Rfb1 a5 24. c5 Nd5 25. Bf2 a4 26. Qc2 Bf6 27. a3 Rfd8 28. c4 bxc4 29. Qxc4 Rxb2 30. Rxb2 Qa5
31. h4 Qa7 32. Bd1 Ra8 33. Bc2 Qa5 34. Be4 Rd8 35. Qc2 Qa7 36. Qc4 Rf8 37. Bc2 Ra8 38. Be4 Rd8 39. Qc2 Ra8 40. Qc4 Rd8
41. Rb1 Qa5 42. Qd3 Qc3 43. Kf3 Qa5 44. Qc2=
1/2-1/2

[Event "Alekhine Master"]
[Site "SchemingMind.com"]
[Date "2017.06.10"]
[Round "-"]
[White "frankly"]
[Black "Selwyn"]
[Result "1/2-1/2"]
[WhiteCountry "ENG"]
[BlackCountry "AUS"]
[WhiteElo "2533"]
[WhiteRD "59"]
[BlackElo "2616"]
[BlackRD "95"]
[GameID "414940"]

1. e4 Nf6 2. e5 Nd5 3. c4 Nb6 4. d4 d6 5. exd6 exd6 6. Nc3 Nc6 7. Nf3 Be7 8. d5 Ne5 9. Nxe5 dxe5 10. Be3 O-O
11. Bd3 f5 12. O-O Nd7 13. f3 Nc5 14. Bc2 a5 15. Qd2 b6 16. g3 Bd7 17. Rae1 Bd6 18. Kh1 Qe7 19. a3 Rae8 20. Qf2 Nb7
21. Qg1 Qf7 22. Qg2 Be7 23. Bd3 Qg6 24. Bg1 Bf6 25. a4 Qh6 26. Qc2 Nd6 27. c5 e4 28. Bb5 Nxb5 29. Nxb5 bxc5 30. Bxc5 Rf7
31. fxe4 Rxe4 32. Nxc7 Qh5 33. Kg1 Rxe1 34. Rxe1 f4 35. Qe4 g6 36. gxf4 Qg4+ 37. Kh1 Bh4 38. Rf1 Qh3 39. Kg1 Qg4+ 40. Kh1=
1/2-1/2

[Event "Alekhine Master"]
[Site "SchemingMind.com"]
[Date "2017.06.18"]
[Round "-"]
[White "nikita68"]
[Black "flyinduck"]
[Result "0-1"]
[WhiteCountry "RUS"]
[BlackCountry "CAN"]
[WhiteElo "2361"]
[WhiteRD "72"]
[BlackElo "2067"]
[BlackRD "65"]
[GameID "415287"]

1. e4 Nf6 2. e5 Nd5 3. d4 Nb6 4. c4 d6 5. exd6 cxd6 6. Nc3 g6 7. Be3 Bg7 8. Rc1 O-O 9. b3 e5 10. dxe5 dxe5
11. Qxd8 Rxd8 12. c5 N6d7 13. Nf3 Nc6 14. Bc4 Na5 15. Be2 b6 16. cxb6 Nxb6 17. O-O Bb7 18. Bg5 f6 19. Be3 f5 20. Nb5 f4
21. Bc5 Ba6 22. b4 Nb7 23. Rfe1 Nxc5 24. bxc5 Nd5 25. a4 e4 26. Ng5 e3 27. f3 Rac8 28. Ne6 Bxb5 29. Nxd8 Bxe2 30. Rxe2 Rxd8
31. Rd1 Kf7 32. g3 g5 33. Rc2 Ke6 34. Rc4 Be5 35. c6 Rc8 36. g4 Nb6 37. Rc2 Nxa4 38. Rd7 Rxc6 39. Rxc6+ Kxd7 40. Ra6 Nc3
41. Rxa7+ Bc7 42. Kf1 Nb5 43. Ra4 Bb6
0-1

[Event "Alekhine Master"]
[Site "SchemingMind.com"]
[Date "2017.06.18"]
[Round "-"]
[White "flyinduck"]
[Black "nikita68"]
[Result "0-1"]
[WhiteCountry "CAN"]
[BlackCountry "RUS"]
[WhiteElo "2035"]
[WhiteRD "67"]
[BlackElo "2402"]
[BlackRD "63"]
[GameID "415288"]

1. e4 Nf6 2. e5 Nd5 3. d4 d6 4. c4 Nb6 5. f4 g5 6. exd6 Qxd6 7. c5 Qe6+ 8. Be2 Nd5 9. fxg5 Ne3 10. Bxe3 Qxe3
11. Qd2 Qxd2+ 12. Nxd2 Bg7 13. Ngf3 Nc6 14. Nb3 Nb4 15. Kf2 Be6 16. Na5 O-O-O 17. Rad1 Bxa2 18. Rd2 h6 19. Rhd1 hxg5 20. Nxg5 Bd5
21. Nc4 Bh6 22. h4 f6
0-1

[Event "Alekhine Master"]
[Site "SchemingMind.com"]
[Date "2017.06.17"]
[Round "-"]
[White "Selwyn"]
[Black "flyinduck"]
[Result "1-0"]
[WhiteCountry "AUS"]
[BlackCountry "CAN"]
[WhiteElo "2592"]
[WhiteRD "113"]
[BlackElo "2021"]
[BlackRD "59"]
[GameID "415289"]

1. e4 Nf6 2. e5 Nd5 3. d4 Nb6 4. f4 d6 5. Nf3 g6 6. Bd3 Bg7 7. O-O O-O 8. Qe2 Na6 9. Bxa6 bxa6 10. c4 Be6
11. b3 c5 12. d5 Bg4 13. Nbd2 e6 14. dxe6 dxe5 15. exf7+ Rxf7 16. fxe5 Qc7 17. Bb2 Re8 18. Rae1 Rfe7 19. Ne4 Kh8 20. Nf6 Bxf3
21. Qxf3 Rf8 22. e6
1-0

[Event "Alekhine Master"]
[Site "SchemingMind.com"]
[Date "2017.06.18"]
[Round "-"]
[White "flyinduck"]
[Black "Selwyn"]
[Result "0-1"]
[WhiteCountry "CAN"]
[BlackCountry "AUS"]
[WhiteElo "2035"]
[WhiteRD "67"]
[BlackElo "2632"]
[BlackRD "99"]
[GameID "415290"]

1. e4 Nf6 2. e5 Nd5 3. d4 d6 4. c4 Nb6 5. f4 g6 6. Nc3 Bg7 7. Nf3 dxe5 8. fxe5 c5 9. dxc5 Qxd1+ 10. Kxd1 N6d7
11. e6 Nxc5 12. exf7+ Kxf7 13. Ng5+ Ke8 14. Be3 Nba6 15. Be2 Bf5 16. g4 Rd8+ 17. Ke1 Nd3+ 18. Kf1 Bc8 19. Rd1 Nxb2 20. Rxd8+ Kxd8
21. Nf7+ Ke8 22. Nxh8 Bxc3 23. Nxg6 hxg6 24. h4 Nb4 25. h5 Be6 26. hxg6 Nxc4 27. Bxa7 Nxa2 28. Rh5 Nc1 29. Bxc4 Bxc4+ 30. Kg2 b5
31. Kf3 b4 32. Rc5 Nd3 33. Rc8+ Kd7 34. Rxc4 Ne5+ 35. Ke4 Nxc4 36. Bd4 Nd6+ 37. Kd3 Bxd4
0-1

[Event "Alekhine Master"]
[Site "SchemingMind.com"]
[Date "2017.06.17"]
[Round "-"]
[White "frankly"]
[Black "flyinduck"]
[Result "1-0"]
[WhiteCountry "ENG"]
[BlackCountry "CAN"]
[WhiteElo "2526"]
[WhiteRD "63"]
[BlackElo "1960"]
[BlackRD "65"]
[GameID "415291"]

1. e4 Nf6 2. e5 Nd5 3. d4 Nb6 4. Nf3 d5 5. a4 a5 6. Bd3 Bg4 7. h3 Bxf3 8. Qxf3 e6 9. Qg3 g6 10. c3 Bg7
11. h4 h5 12. Bg5 Qd7 13. Na3 Nc6 14. Bb5 Nc8 15. Qf4 N8a7 16. Bd3 Ne7 17. Nb5 Nac8 18. f3 c6 19. Na3 Na7 20. Kf2 b5
21. Nc2 Nac8 22. axb5 cxb5 23. g4 Nb6 24. Rhb1 Ng8 25. Na3 Nc4 26. Nxb5
1-0

[Event "Alekhine Master"]
[Site "SchemingMind.com"]
[Date "2017.06.18"]
[Round "-"]
[White "flyinduck"]
[Black "frankly"]
[Result "0-1"]
[WhiteCountry "CAN"]
[BlackCountry "ENG"]
[WhiteElo "1960"]
[WhiteRD "65"]
[BlackElo "2526"]
[BlackRD "63"]
[GameID "415292"]

1. e4 Nf6 2. e5 Nd5 3. d4 d6 4. c4 Nb6 5. f4 dxe5 6. fxe5 Bf5 7. Nc3 e6 8. Nf3 Nc6 9. Be3 Bb4 10. Be2 Na5
11. O-O O-O 12. c5 Bxc3 13. bxc3 Nbc4 14. Bf2 b6 15. Qa4 Qd5 16. Nh4 Be4 17. Rfe1 Qc6 18. Qxc6 Bxc6 19. cxb6 axb6 20. Bf3 Bxf3
21. gxf3 Ra7 22. f4 Rfa8 23. Re2 Nb3 24. Rb1 Nbd2 25. Ra1 Rxa2 26. Rxa2 Rxa2 27. Kg2 Ra3 28. Be1 Nb3 29. f5 Nc1
0-1

[Event "Alekhine Master"]
[Site "SchemingMind.com"]
[Date "2017.06.28"]
[Round "-"]
[White "nikita68"]
[Black "Professor"]
[Result "0-1"]
[WhiteCountry "RUS"]
[BlackCountry "USA"]
[WhiteElo "2401"]
[WhiteRD "64"]
[BlackElo "2624"]
[BlackRD "85"]
[GameID "415742"]

1. e4 Nf6 2. e5 Nd5 3. d4 d6 4. c4 Nb6 5. exd6 exd6 6. Nc3 Be7 7. Nf3 O-O 8. Bd3 Bg4 9. h3 Bh5 10. O-O Na6
11. a3 c6 12. b4 Nc7 13. a4 d5 14. c5 Nc4 15. g4 Bg6 16. Re1 Ne6 17. Rb1 Bxd3 18. Qxd3 Bf6 19. Be3 Qc7 20. Ne2 a6
21. Kg2 Rae8 22. h4 Nxe3+ 23. fxe3 g6 24. g5 Bd8 25. Ng3 f6 26. gxf6 Rxf6 27. Ne5 Ref8 28. Rf1 Rxf1 29. Rxf1 Rxf1 30. Qxf1 Bxh4
31. b5 axb5 32. axb5 Bxg3 33. Kxg3 Nxc5 34. bxc6 bxc6 35. Qf4 Ne4+ 36. Kf3 Qb7
0-1

[Event "Alekhine Master"]
[Site "SchemingMind.com"]
[Date "2017.06.29"]
[Round "-"]
[White "Professor"]
[Black "nikita68"]
[Result "1-0"]
[WhiteCountry "USA"]
[BlackCountry "RUS"]
[WhiteElo "2589"]
[WhiteRD "78"]
[BlackElo "2361"]
[BlackRD "72"]
[GameID "415743"]

1. e4 Nf6 2. e5 Nd5 3. d4 d6 4. Nf3 c6 5. Be2 dxe5 6. Nxe5 Bf5 7. O-O Nd7 8. Nf3 e6 9. c4 N5f6 10. Nc3 Ne4
11. Qb3 Nxc3 12. bxc3 Qc7 13. Nh4 Be4 14. g3 Be7 15. Bf3 Bxf3 16. Nxf3 b6 17. Bf4 Bd6 18. Bxd6 Qxd6 19. Kg2 O-O 20. Rfe1 c5
21. Rad1 Rac8 22. a4 cxd4 23. cxd4 Qc7 24. Rc1 Rfd8 25. Red1 Nf6 26. Ne5 Ne4 27. Kg1 Nd6 28. c5 bxc5 29. Rxc5 Qb6 30. Qc2 Rxc5
31. dxc5 Qc7 32. c6 f6 33. Nd7 Kf7 34. Qc5 Ke7 35. Rb1 Rxd7 36. Rb5 Kd8 37. Rb7 Qxc6 38. Qxc6 Nxb7 39. Qxe6 h6 40. Qg8+ Kc7
41. Qc4+ Kd8 42. Kg2 Nd6 43. Qc6 Nb7 44. f4 Rc7 45. Qa6 Nc5 46. Qd6+ Kc8 47. Qd5 Nb7 48. Qe6+ Rd7 49. Qa6 Kb8 50. Kh3 Rd6
51. Qc4 Rd7 52. a5 Nd8 53. a6 Nf7 54. Qc6 Re7 55. f5 Ng5+ 56. Kg4 Nf7 57. Kh5 Ne5 58. Qd6+
1-0

[Event "Alekhine Master"]
[Site "SchemingMind.com"]
[Date "2017.06.29"]
[Round "-"]
[White "Professor"]
[Black "Selwyn"]
[Result "1-0"]
[WhiteCountry "USA"]
[BlackCountry "AUS"]
[WhiteElo "2589"]
[WhiteRD "78"]
[BlackElo "2601"]
[BlackRD "97"]
[GameID "415744"]

1. e4 Nf6 2. e5 Nd5 3. d4 d6 4. Nf3 dxe5 5. Nxe5 g6 6. Bc4 c6 7. O-O Bg7 8. Re1 O-O 9. Bb3 Be6 10. c3 Nd7
11. Nf3 Nc7 12. Bg5 Re8 13. Nbd2 c5 14. Ne4 c4 15. Bc2 Nf6 16. Ng3 Rc8 17. Qd2 Nd7 18. h4 Bd5 19. Nh2 Nf6 20. Bh6 Ne6
21. h5 Qb6 22. Bxg7 Kxg7 23. Rab1 Qc6 24. f3 b5 25. Re2 Qd6 26. Re5 Nd7 27. Rbe1 Nxe5 28. Rxe5 Kh8 29. hxg6 fxg6 30. Bxg6 hxg6
31. Qh6+ Kg8 32. Ng4 Nf8 33. Nh5 Qxe5 34. Nxe5 gxh5 35. Qg5+ Kh7 36. Qxh5+ Kg7 37. Qg5+ Kh7 38. f4 Rcd8 39. f5 a5 40. g4 b4
41. Kf2 Rb8 42. Kg3 bxc3 43. bxc3 a4 44. Qh5+ Kg8 45. g5 Rec8 46. f6 exf6 47. gxf6 Rc7 48. Ng4 Rd7 49. f7+ Bxf7 50. Nf6+ Kg7
51. Qg5+ Bg6 52. Nxd7 Nxd7 53. Qe7+ Kh6 54. Qxd7 Re8 55. d5
1-0

[Event "Alekhine Master"]
[Site "SchemingMind.com"]
[Date "2017.06.29"]
[Round "-"]
[White "Selwyn"]
[Black "Professor"]
[Result "1-0"]
[WhiteCountry "AUS"]
[BlackCountry "USA"]
[WhiteElo "2601"]
[WhiteRD "97"]
[BlackElo "2589"]
[BlackRD "78"]
[GameID "415745"]

1. e4 Nf6 2. e5 Nd5 3. d4 d6 4. Nf3 c6 5. c4 Nc7 6. Nc3 dxe5 7. Nxe5 Nd7 8. Nxd7 Bxd7 9. Be3 g6 10. Qd2 Bg7
11. Be2 O-O 12. Bh6 Ne6 13. Bxg7 Nxg7 14. O-O Qb6 15. Rad1 Rad8 16. b3 Qb4 17. Qb2 b5 18. a3 Qd6 19. Rfe1 bxc4 20. bxc4 Nf5
21. Ne4 Qc7 22. Qc3 Bc8 23. Ng3 Rd6 24. c5 Rdd8 25. Nxf5 Bxf5 26. Bf3 Be6 27. Re5 Rfe8 28. h4 Qc8 29. Rde1 Qd7 30. Qc1 Rb8
31. Qd1 Bb3 32. Qd2 e6 33. Qf4 a5 34. h5 Rec8 35. g4 Rb7 36. h6 Qd8 37. g5 a4 38. R5e3 Rd7 39. Qe5 Qf8 40. Qf6 Bc2
41. R1e2 Bb3 42. Rb2 Rb7 43. Rc3 Rbb8 44. Qe5 Rb5 45. Be2 Ra5 46. Rbxb3 axb3 47. Rxb3 Raa8 48. Bf3 f6 49. gxf6 Qf7 50. Bg4 Re8
51. Kg2
1-0

[Event "Alekhine Master"]
[Site "SchemingMind.com"]
[Date "2017.07.03"]
[Round "-"]
[White "Professor"]
[Black "frankly"]
[Result "1/2-1/2"]
[WhiteCountry "USA"]
[BlackCountry "ENG"]
[WhiteElo "2624"]
[WhiteRD "85"]
[BlackElo "2625"]
[BlackRD "62"]
[GameID "415746"]

1. e4 Nf6 2. Nc3 e5 3. g3 Bc5 4. Bg2 O-O 5. Nge2 a5 6. O-O d6 7. d3 c6 8. h3 a4 9. a3 Re8 10. Kh2 Nbd7
11. f4 Bb6 12. f5 h6 13. g4 Ra5 14. Qe1 d5 15. Qg3 Nf8 16. Bf3 N6h7 17. h4 Bc7 18. Nd1 Rc5 19. c3 dxe4 20. dxe4 Qe7
21. Nf2 Kh8 22. Kh1 Bd8 23. g5 g6 24. Bg4 Bb6 25. f6 Qc7 26. Bxc8 Rxc8 27. h5 Rc4 28. Qh4 Ne6 29. hxg6 fxg6 30. Qxh6 Bxf2
31. Rxf2 Rxe4 32. Bd2 Qd7 33. Rh2 Nf8 34. Ng3 Rg4 35. Rg1 Kg8 36. Nf5 gxf5 37. Rxg4 fxg4 38. g6 Qd5+ 39. Kg1 Rc7 40. f7+ Rxf7
41. gxf7+ Qxf7 42. Rg2 Qf5 43. Qh4 b5 44. c4 Ne6 45. cxb5 cxb5 46. Qxg4+ Qxg4 47. Rxg4+ Kf7 48. Bc3 Nhg5 49. Kf2 Kf6 50. Ke3 Kf5
51. Rg1 Nf4 52. Rxg5+ Kxg5=
1/2-1/2

[Event "Alekhine Master"]
[Site "SchemingMind.com"]
[Date "2017.07.03"]
[Round "-"]
[White "frankly"]
[Black "Professor"]
[Result "1-0"]
[WhiteCountry "ENG"]
[BlackCountry "USA"]
[WhiteElo "2655"]
[WhiteRD "61"]
[BlackElo "2599"]
[BlackRD "82"]
[GameID "415747"]

1. e4 Nf6 2. e5 Nd5 3. d4 d6 4. c4 Nb6 5. exd6 exd6 6. Nf3 Be7 7. h3 O-O 8. Bd3 Nc6 9. Nc3 Bf6 10. O-O Re8
11. b3 Nb4 12. Bb1 c6 13. Ne4 Be7 14. Re1 Na6 15. Neg5 g6 16. Qd2 Bf8 17. Rxe8 Qxe8 18. Ba3 Nc7 19. Qf4 Ne6 20. Qh4 Nxg5
21. Nxg5 h6 22. Ne4 Nd7 23. Bxd6 f5 24. Bxf8 Qxf8 25. Nc3 Nf6 26. Qg3 Kg7 27. Bd3 Qe7 28. Qe5 Qe8 29. Re1 Bd7 30. g3 Kf7
31. Kf1 Qxe5 32. dxe5 Nh5 33. Be2 Ng7 34. f4 Ke7 35. Kf2 Rd8 36. Rd1 Be8 37. Rxd8 Kxd8 38. c5 Bf7 39. b4 Ke7 40. Ke3 Ne6
41. g4 Ng7 42. Bd3 Be6 43. gxf5 Bxf5 44. Ne2 Ne6 45. Bxf5 gxf5 46. Nd4 Ng7 47. Nb3 Kd7 48. Na5 b6 49. Nb3 b5 50. Nd4
1-0

[Event "Alekhine Master"]
[Site "SchemingMind.com"]
[Date "2017.07.01"]
[Round "-"]
[White "Professor"]
[Black "flyinduck"]
[Result "1-0"]
[WhiteCountry "USA"]
[BlackCountry "CAN"]
[WhiteElo "2582"]
[WhiteRD "85"]
[BlackElo "1960"]
[BlackRD "65"]
[GameID "415748"]

1. e4 Nf6 2. e5 Nd5 3. d4 Nb6 4. a4 a5 5. Nf3 d5 6. Bd3 Bg4 7. h3 Bxf3 8. Qxf3 e6 9. Qg3 g6 10. O-O c5
11. c3 Nc6 12. Na3 Nxa4 13. Nb5 Nb6 14. Bg5 Be7 15. Nd6+
1-0

[Event "Alekhine Master"]
[Site "SchemingMind.com"]
[Date "2017.07.02"]
[Round "-"]
[White "flyinduck"]
[Black "Professor"]
[Result "0-1"]
[WhiteCountry "CAN"]
[BlackCountry "USA"]
[WhiteElo "2031"]
[WhiteRD "67"]
[BlackElo "2624"]
[BlackRD "85"]
[GameID "415749"]

1. e4 Nf6 2. e5 Nd5 3. d4 d6 4. Nf3 c6 5. Be2 dxe5 6. Nxe5 Nd7 7. O-O Nxe5 8. dxe5 Bf5 9. a3 e6 10. c4 Nb6
11. Be3 Qxd1 12. Rxd1 Nd7 13. f4 g5 14. fxg5 Nxe5 15. Nc3 h6 16. b4 hxg5 17. Bxg5 Rg8 18. h4 Be7 19. Bxe7 Kxe7 20. Kf2 Ng4+
21. Bxg4 Rxg4 22. g3 Rxc4 23. Rac1 a5 24. b5 Rc8 25. b6 e5 26. Ne2 Rxc1 27. Rxc1 Rd8 28. Rc5 Rd5 29. Rxd5 cxd5 30. Kf3 d4
31. g4 Bc2 32. h5 Bd1 33. Kf2 Bxe2 34. Kxe2 e4 35. g5 f5 36. h6 Kf7 37. h7 Kg7 38. g6 f4 39. Ke1 d3
0-1

[Event "Alekhine Master"]
[Site "SchemingMind.com"]
[Date "2017.07.14"]
[Round "-"]
[White "nikita68"]
[Black "DHall"]
[Result "0-1"]
[WhiteCountry "RUS"]
[BlackCountry "ENG"]
[WhiteElo "2402"]
[WhiteRD "63"]
[BlackElo "2311"]
[BlackRD "93"]
[GameID "416138"]

1. e4 Nf6 2. e5 Nd5 3. d4 d6 4. Nf3 Bg4 5. Be2 e6 6. c4 Nb6 7. exd6 cxd6 8. O-O Be7 9. Nc3 O-O 10. b3 Nc6
11. Bb2 d5 12. c5 Nd7 13. Qd2 Bf6 14. Nd1 b6 15. b4 bxc5 16. bxc5 Qc7 17. Ne3 Bh5 18. h3 Bg6 19. Rfd1 Rab8 20. Bc3 Be7
21. Bd3 Bxd3 22. Qxd3 Nf6 23. a4 Ne4 24. Nd2 Nxc3 25. Qxc3 Nxd4 26. Qxd4 Bf6 27. Qd3 Bxa1 28. Rxa1 Qxc5 29. Nb3 Qb4 30. Nd4 Rfc8
31. Nec2 Qc3 32. Qxc3 Rxc3 33. Ra2 e5 34. Nb5 Rc4 35. Nxa7 d4 36. Nb5 Rbc8 37. Ne1 Rc1 38. Kf1 d3 39. Rd2 e4 40. Nd6 R8c2
41. Nxe4 Rxd2 42. Nxd2 Rd1 43. Nc4 d2 44. Nxd2 Rxd2 45. a5 Ra2 46. f4 Rxa5 47. g4 Ra2 48. Nd3 Kf8 49. Nf2 Ke7 50. Kg2 Kd6
51. Kf3 Kd5 52. f5 Rxf2+ 53. Kxf2 Ke4 54. Kg3 f6 55. Kh4 Kf4
0-1

[Event "Alekhine Master"]
[Site "SchemingMind.com"]
[Date "2017.07.14"]
[Round "-"]
[White "DHall"]
[Black "nikita68"]
[Result "1/2-1/2"]
[WhiteCountry "ENG"]
[BlackCountry "RUS"]
[WhiteElo "2311"]
[WhiteRD "93"]
[BlackElo "2402"]
[BlackRD "63"]
[GameID "416139"]

1. e4 Nf6 2. e5 Nd5 3. d4 d6 4. Nf3 Bg4 5. Be2 e6 6. O-O Be7 7. c4 Nb6 8. Nc3 O-O 9. Be3 a6 10. b3 d5
11. c5 N6d7 12. Ne1 Bxe2 13. Qxe2 Nc6 14. Nd3 b6 15. cxb6 cxb6 16. Rac1 Ba3 17. Rc2 Nb4 18. Nxb4 Bxb4 19. Qd3 b5 20. Bd2 Qa5
21. a3 Bxc3 22. Rxc3 Qxa3 23. Rfc1 Qe7 24. Rc7 Rfd8 25. Ba5 Qe8 26. Qc3 Nf8 27. Rc5 Rdb8 28. h4 Rb7 29. b4 Ng6 30. h5 Ne7
31. g4 h6 32. Kg2 Rbb8 33. Bc7 Rc8 34. Qb2 Qd7 35. Qd2 Ra7 36. Qc2 Raa8 37. Qd3 Ra7 38. Qc3 Raa8=
1/2-1/2

[Event "Alekhine Master"]
[Site "SchemingMind.com"]
[Date "2017.07.14"]
[Round "-"]
[White "Professor"]
[Black "DHall"]
[Result "1/2-1/2"]
[WhiteCountry "USA"]
[BlackCountry "ENG"]
[WhiteElo "2599"]
[WhiteRD "82"]
[BlackElo "2358"]
[BlackRD "93"]
[GameID "416140"]

1. e4 Nf6 2. e5 Nd5 3. d4 d6 4. Nf3 Bg4 5. Be2 e6 6. O-O Be7 7. c4 Nb6 8. Nc3 O-O 9. Be3 Nc6 10. exd6 cxd6
11. d5 exd5 12. Nxd5 Nxd5 13. Qxd5 Bf6 14. Qd2 Qa5 15. Rfd1 Rfe8 16. h3 Be6 17. Bg5 Bxg5 18. Nxg5 Rad8 19. b3 Qxd2 20. Rxd2 d5
21. Nxe6 fxe6 22. cxd5 Rxd5 23. Rxd5 exd5 24. Bf3 Re5 25. Rd1 Ne7 26. Rc1 Nc6 27. Rc5 Kf8 28. Rxd5 Rxd5 29. Bxd5 Nb4 30. Bxb7 Nxa2
31. Be4 h6 32. Kf1 Ke7 33. f4 Kd6 34. Kf2 Kc5 35. g4 Kd4 36. Bb1 Nc3 37. Bg6 a5 38. Kf3 a4 39. bxa4 Nxa4 40. h4 Nb6
41. g5 hxg5 42. hxg5 Kd5 43. Bf7+ Kd4 44. Kg4 Ke4 45. Be6 Na4 46. Bf5+ Ke3 47. Bc8 Nb2 48. f5 Nc4 49. f6 gxf6 50. gxf6 Nd6
51. Kh5= Kf4 52. Kg6 Ke4 53. f7 Nxf7 54. Kxf7
1/2-1/2

[Event "Alekhine Master"]
[Site "SchemingMind.com"]
[Date "2017.07.14"]
[Round "-"]
[White "DHall"]
[Black "Professor"]
[Result "0-1"]
[WhiteCountry "ENG"]
[BlackCountry "USA"]
[WhiteElo "2281"]
[WhiteRD "96"]
[BlackElo "2582"]
[BlackRD "85"]
[GameID "416141"]

1. e4 Nf6 2. e5 Nd5 3. d4 d6 4. Nf3 c6 5. Be2 dxe5 6. Nxe5 Bf5 7. O-O Nd7 8. Nf3 e6 9. c4 N5f6 10. Nc3 Bd6
11. Nh4 Bg6 12. g3 O-O 13. Nxg6 hxg6 14. c5 Bc7 15. Bf4 Bxf4 16. gxf4 Nd5 17. Nxd5 exd5 18. Bg4 f5 19. Bf3 Qh4 20. Qb3 Qxf4
21. Qxb7 Qxf3 22. Qxd7 f4 23. h3 Rf5 24. Kh2 Rg5 25. Qe6+ Kh7 26. Rg1 Qxf2+ 27. Kh1 Rg3 28. Raf1 Qd2 29. Rf3 Rxg1+ 30. Kxg1 Rf8
31. Qe7 Qxd4+ 32. Kf1 Rf6 33. b3 Qd1+ 34. Kf2 Qc2+ 35. Qe2 Qxc5+ 36. Kg2 Qd6
0-1

[Event "Alekhine Master"]
[Site "SchemingMind.com"]
[Date "2017.07.14"]
[Round "-"]
[White "Selwyn"]
[Black "DHall"]
[Result "1-0"]
[WhiteCountry "AUS"]
[BlackCountry "ENG"]
[WhiteElo "2623"]
[WhiteRD "99"]
[BlackElo "2279"]
[BlackRD "94"]
[GameID "416142"]

1. e4 Nf6 2. e5 Nd5 3. d4 d6 4. Nf3 Bg4 5. Be2 e6 6. O-O Be7 7. c4 Nb6 8. Nc3 O-O 9. Be3 Nc6 10. exd6 cxd6
11. d5 exd5 12. Nxd5 Nxd5 13. cxd5 Bxf3 14. Bxf3 Ne5 15. Be2 f5 16. Qd2 Bf6 17. Rac1 a6 18. h3 Re8 19. Rc2 Rc8 20. Rfc1 Qd7
21. Qb4 Rxc2 22. Rxc2 Ng6 23. g3 Ne7 24. b3 Rc8 25. Rc4 h6 26. Bf3 Be5 27. a4 g5 28. Rxc8+ Qxc8 29. h4 f4 30. gxf4 Qf5
31. Qxb7 gxf4 32. Qxe7 fxe3 33. Qe6+ Qxe6 34. dxe6 exf2+ 35. Kxf2 Bc3 36. Kg3 Kg7 37. Bd5 Kf6 38. Kg4 a5 39. Kh5 Bd2 40. b4 axb4
41. Bb3
1-0

[Event "Alekhine Master"]
[Site "SchemingMind.com"]
[Date "2017.07.14"]
[Round "-"]
[White "DHall"]
[Black "Selwyn"]
[Result "0-1"]
[WhiteCountry "ENG"]
[BlackCountry "AUS"]
[WhiteElo "2294"]
[WhiteRD "92"]
[BlackElo "2616"]
[BlackRD "95"]
[GameID "416143"]

1. e4 Nf6 2. e5 Nd5 3. d4 d6 4. Nf3 dxe5 5. Nxe5 g6 6. Bc4 c6 7. O-O Bg7 8. Re1 O-O 9. Bb3 Be6 10. Nd2 Nd7
11. Ndf3 Nxe5 12. c4 Nxf3+ 13. Qxf3 Nb6 14. c5 Bxb3 15. Qxb3 Nd5 16. Qxb7 Bxd4 17. Qxc6 e6 18. Bh6 Qh4 19. Be3 Rac8 20. Qa4 Nxe3
0-1

[Event "Alekhine Master"]
[Site "SchemingMind.com"]
[Date "2017.07.14"]
[Round "-"]
[White "frankly"]
[Black "DHall"]
[Result "1-0"]
[WhiteCountry "ENG"]
[BlackCountry "ENG"]
[WhiteElo "2543"]
[WhiteRD "60"]
[BlackElo "2279"]
[BlackRD "94"]
[GameID "416144"]

1. e4 Nf6 2. e5 Nd5 3. d4 d6 4. Nf3 Bg4 5. Be2 e6 6. c4 Nb6 7. O-O Be7 8. h3 Bh5 9. Nc3 O-O 10. Be3 d5
11. c5 Bxf3 12. gxf3 Nc8 13. f4 Nc6 14. Bd3 g6 15. Qf3 b6 16. Bb5 Nb8 17. Ba4 c6 18. b4 Kh8 19. Kh1 Bh4 20. f5 exf5
21. b5 Ne7 22. Bh6 Rg8 23. e6 fxe6 24. Rae1 Qc8 25. Qe2 Bf6 26. Qxe6 Qxe6 27. Rxe6 Bxd4 28. Rxe7 Bxc3 29. bxc6 Na6 30. cxb6 axb6
31. Bb3 Bf6 32. Rf7 Bg7 33. Bf4 Rac8 34. c7 g5 35. Bd6 Bf8 36. Rxf8 Rgxf8 37. Be5+ Kg8 38. Bxd5+ Rf7 39. Rd1 Nxc7 40. Bxf7+ Kxf7
41. Rd7+ Ke6 42. Rxc7 Ra8 43. Bd4 b5 44. Ba7 h5 45. a3 Kd6 46. Rb7 Kc6 47. Rf7 h4 48. Be3 Rxa3 49. Rxf5 b4 50. Rxg5 Rc3
51. Rg4 b3 52. Rb4 Kd6 53. Kg2 Kc6 54. Kf3 Kd5 55. Ke2 Rc2+ 56. Kd3 Rb2 57. Rxh4
1-0